Sportifs célèbres - Statistiques

Statistiques générales
  • Ce quiz a été pris 145 fois
  • Le résultat moyen est 6 sur 16
Statistiques - réponses
Par images Réponse % Correct
Nadal
99%
Payet
91%
Curry
89%
Van Persie
62%
Ngapeth
51%
Hoarau
38%
Diniz
37%
Tiafoe
34%
Abalo
25%
Laporte
25%
Baille
24%
Blake
16%
Dubuisson
14%
Romao
14%
Gastien
4%
Smith
2%
Aucun quiz correspondant
Distribution des résultats
% des personnes avec chaque résultat
Percentile par nombre de réponses
Votre historique - résultats
Vous n’avez pas pris ce quiz